000 00737cam a22002653a 4500
001 32833
003 PGUSA
005 20140828083718.0
008 100616s2010||||xxu|||||s|||||000 1 eng d
040 _aPGUSA
_beng
042 _adc
050 4 _aPS
100 1 _aClifton, Mark,
_d1906-1963
245 1 2 _aA Woman's Place
_h[electronic resource] /
_cMark Clifton
260 _bProject Gutenberg,
_c2010
506 _aPublic domain in the USA.
516 _aElectronic text
653 _aScience fiction
653 _aRobinsonades
653 _aMan-woman relationships -- Fiction
700 1 _aEmshwiller, Ed,
_d1925-1990
830 0 _aProject Gutenberg
_v32833
856 4 0 _uhttp://www.gutenberg.org/ebooks/32833
942 _cEB
999 _c262088
_d262088